000 01278nam a2200289 i 4500
001 181093
003 ES-MaACL
005 20250827234002.0
008 121016s2012 sp |||| | spa d
020 _a978-84-15595-94-6
245 0 4 _aLas campanas de Orán, 1509-2009
_b: estudios en homenaje a Fatma Benhamamouche /
_cIsmet Terki-Hassaine, Emilio Sola Castaño, Alejandro R. Díez Torre y Manuel Casado Arboniés (editores).
260 _aAlcalá de Henares :
_bUniversidad de Alcalá, Servicio de Publicaciones,
_c[2012]
300 _a489 p. :
_bil., mapas ;
_c24 cm.
490 1 _aObras colectivas. Humanidades / UAH ;
_v31
504 _aReferencias bibliográficas.
600 1 4 _aBenhamamouche, Fatma.
_9171503
651 4 _aOrán-
_xHistoria.
_9151637
651 4 _aArgelia-
_xRelaciones-
_zEspaña.
_97805
651 4 _aEspaña-
_xRelaciones-
_zArgelia.
_98456
700 1 _aTerki-Hassaine, Ismet.
_9151636
700 1 _aBenhamamouche, Fatma.
_9171503
830 1 0 _aHumanidades / UAH
_v31
_9224691
852 _aES-MaACL
_jA-12311
_9187976
_bR.148990
_cDEPO1
_dOlim: N-5316
_xDonación: Alejandro R. Díez Torre
_zDedicatoria autógrafa del editor
903 _aDíez Torre, Alejandro R.
_ednr
_944776
942 _2udc
_cMONOGRAFIA
999 _c181093
_d181093